[Event "FRA-chT U20 0405"]
[Site "Lyon"]
[Date "2004.12.20"]
[Round "7.1"]
[White "Gadarinian, Caroline"]
[Black "Heinz, Timothee"]
[Result "0-1"]
[WhiteElo "1946"]
[BlackElo "2198"]
[PlyCount "68"]
[EventDate "2004.11.??"]
[EventType "team"]
[EventRounds "7"]
[EventCountry "FRA"]
[SourceTitle "EXT 2006"]
[Source "ChessBase"]
[SourceDate "2005.11.24"]
[SourceVersion "1"]
[SourceVersionDate "2005.11.24"]
[SourceQuality "1"]
[WhiteTeam "Marseille Duchamps"]
[BlackTeam "Bischwiller"]
[WhiteTeamCountry "FRA"]
[BlackTeamCountry "FRA"]

1. Nf3 c5 2. c3 Nf6 3. d4 e6 4. Bf4 b6 5. Nbd2 Bb7 6. e3 Be7 7. Bd3 d5 8. 0-0 Nbd7 9. Qe2 Ne4 10. Ba6 Bxa6 11. Qxa6 Nxd2 12. Nxd2 0-0 13. Rac1 Bf6 14. Bd6 Nb8 15. Qb7 Qxd6 16. Qxa8 Qc7 17. dxc5 bxc5 18. Nb3 Nd7 19. Qxf8+ Kxf8 20. Rfd1 Ne5 21. f4 Nc4 22. Kf2 Nxb2 23. Rd2 Nc4 24. Re2 g5 25. g3 gxf4 26. exf4 Nd6 27. Nd2 Qa5 28. c4 dxc4 29. Nxc4 Bd4+ 30. Kg2 Nxc4 31. Rxc4 Qb5 32. Rec2 Ke7 33. a4 Qb3 34. Kh3 Kd6 0-1

[Event "France-ch U16 Girls"]
[Site "Reims"]
[Date "2004.04.24"]
[Round "8"]
[White "Riquebon, Nathalie"]
[Black "Gadarinian, Caroline"]
[Result "0-1"]
[WhiteElo "1650"]
[BlackElo "1830"]
[PlyCount "112"]
[EventDate "2004.04.??"]
[EventType "swiss"]
[EventRounds "9"]
[EventCountry "FRA"]
[SourceTitle "EXT 2005"]
[Source "ChessBase"]
[SourceDate "2004.11.15"]
[SourceVersion "1"]
[SourceVersionDate "2004.11.15"]
[SourceQuality "1"]

1. d4 b5 2. Nf3 Bb7 3. Bf4 e6 4. e3 a6 5. Bd3 Nf6 6. Nbd2 c5 7. c3 Be7 8. h3 Nc6 9. 0-0 0-0 10. e4 Qb6 11. Be3 cxd4 12. Nxd4 Bc5 13. Nc2 Ne5 14. Bxc5 Qxc5 15. Qe2 Nh5 16. Qxh5 Nxd3 17. Qxc5 Nxc5 18. f3 Nd3 19. Rab1 d5 20. exd5 Bxd5 21. a3 Rac8 22. Ne3 Rfd8 23. Nxd5 Rxd5 24. Rfd1 Kf8 25. Ne4 Ke7 26. Rd2 Rcd8 27. Kf1 f5 28. Nf2 Nc5 29. Rxd5 Rxd5 30. Rd1 g5 31. Rxd5 exd5 32. Ke2 Ke6 33. Nd3 Nxd3 34. Kxd3 Ke5 35. g3 h5 36. b3 a5 37. c4 bxc4+ 38. bxc4 d4 39. a4 h4 40. gxh4 gxh4 41. f4+ Kxf4 42. c5 Ke5 43. Kc4 d3 44. Kxd3 Kd5 45. c6 Kxc6 46. Kd4 f4 47. Ke4 Kc5 48. Kxf4 Kb4 49. Ke3 Kxa4 50. Kd2 Kb3 51. Kc1 Kc3 52. Kb1 Kd3 53. Kb2 Ke3 54. Kb3 Kf3 55. Ka4 Kg3 56. Kxa5 Kxh3 0-1

[Event "France-ch U16 Girls"]
[Site "Reims"]
[Date "2004.04.23"]
[Round "7"]
[White "Gadarinian, Caroline"]
[Black "Iemmi, Julie"]
[Result "1/2-1/2"]
[WhiteElo "1830"]
[BlackElo "1670"]
[PlyCount "88"]
[EventDate "2004.04.??"]
[EventType "swiss"]
[EventRounds "9"]
[EventCountry "FRA"]
[SourceTitle "EXT 2005"]
[Source "ChessBase"]
[SourceDate "2004.11.15"]
[SourceVersion "1"]
[SourceVersionDate "2004.11.15"]
[SourceQuality "1"]

1. Nf3 d5 2. d4 e6 3. Bf4 Nf6 4. e3 c5 5. c3 Nc6 6. Nbd2 cxd4 7. exd4 Bd6 8. Bxd6 Qxd6 9. Bb5 0-0 10. 0-0 Ne7 11. Ne5 a6 12. Ba4 Ne4 13. Nxe4 dxe4 14. Bc2 f6 15. Nc4 Qf4 16. Qe2 f5 17. Ne5 Rf6 18. Qe3 Qxe3 19. fxe3 Nd5 20. Rfe1 b5 21. a4 Rb8 22. Ra2 Rf8 23. Kf2 b4 24. c4 b3 25. Bxb3 Rxb3 26. cxd5 exd5 27. g3 Be6 28. Rc1 Rc8 29. Nc6 Kf8 30. Rc5 Rd3 31. Ke2 Rb3 32. Na5 Rb4 33. Rxc8+ Bxc8 34. b3 Be6 35. Rc2 Rb6 36. Rc6 Rxc6 37. Nxc6 Kf7 38. Nd8+ Kf6 39. Nxe6 Kxe6 40. Kd2 Kd6 41. Kc3 Kc6 42. Kb4 Kb6 43. a5+ Kc6 44. Ka4 g5 1/2-1/2

[Event "France-ch U16 Girls"]
[Site "Reims"]
[Date "2004.04.22"]
[Round "6"]
[White "Bismuth, Lea"]
[Black "Gadarinian, Caroline"]
[Result "1-0"]
[WhiteElo "1780"]
[BlackElo "1830"]
[PlyCount "79"]
[EventDate "2004.04.??"]
[EventType "swiss"]
[EventRounds "9"]
[EventCountry "FRA"]
[SourceTitle "EXT 2005"]
[Source "ChessBase"]
[SourceDate "2004.11.15"]
[SourceVersion "1"]
[SourceVersionDate "2004.11.15"]
[SourceQuality "1"]

1. e4 d6 2. Nc3 Nf6 3. Bc4 c6 4. d3 e5 5. f4 Bg4 6. Nce2 b5 7. Bb3 Qb6 8. h3 Bc8 9. Nf3 Nbd7 10. Ng3 exf4 11. Bxf4 g6 12. Ng5 d5 13. e5 Qd4 14. Ne2 Qxb2 15. exf6 Bb4+ 16. Kf2 Qxf6 17. Rf1 Bd6 18. Qd2 Bc5+ 19. d4 Bb6 20. Kg1 0-0 21. Kh1 a5 22. a4 b4 23. Rf2 Ba6 24. Raf1 Bxd4 25. Nxd4 Bxf1 26. Rxf1 Rac8 27. Ngf3 Nb6 28. Be5 Qe7 29. Qf4 Rfe8 30. Ng5 f5 31. Nde6 h6 32. Qh4 h5 33. Rxf5 Rf8 34. Rxf8+ Rxf8 35. Nxf8 Qxf8 36. Ne6 Qf1+ 37. Kh2 Kf7 38. Nd8+ Kg8 39. Nxc6 Qa6 40. Qd8+ 1-0